Účtovníctvo základy podvojného účtovníctva pre podnikateľov. 1993
Salvato in:
| Autore principale: | |
|---|---|
| Natura: | Libro |
| Lingua: | slovacco |
| Pubblicazione: |
Bratislava
Sofa
1992
|
| Edizione: | 1. vyd. |
| Serie: | Edícia pre Ekonomické a hospodárske poradenstvo
|
| Soggetti: | |
| Tags: |
Nessun Tag, puoi essere il primo ad aggiungerne!!
|
MARC
| LEADER | 00000nam a2200000 4500 | ||
|---|---|---|---|
| 001 | c001920 | ||
| 005 | 20221214090821.1 | ||
| 020 | |a 80-857 52-00-X | ||
| 041 | 0 | |a slo | |
| 044 | |a SK | ||
| 245 | 1 | 0 | |a Účtovníctvo |b základy podvojného účtovníctva pre podnikateľov. 1993 |c Božena Soukupová |
| 250 | |a 1. vyd. | ||
| 264 | 1 | |a Bratislava |b Sofa |c 1992 | |
| 300 | |a 149 s. | ||
| 490 | 1 | |a Edícia pre Ekonomické a hospodárske poradenstvo | |
| 830 | 0 | |a Edícia pre Ekonomické a hospodárske poradenstvo | |
| 610 | 2 | 0 | |a účtovníctvo |
| 610 | 2 | 0 | |a podnikatelia |
| 610 | 2 | 0 | |a podnikanie |
| 610 | 2 | 0 | |a systémy informačné podnikové |
| 610 | 2 | 0 | |a bilancie |
| 610 | 2 | 0 | |a súvaha |
| 610 | 2 | 0 | |a výsledok hospodársky |
| 610 | 2 | 0 | |a zápisy účtovné podvojné |
| 610 | 2 | 0 | |a dokumentácia účtovná |
| 610 | 2 | 0 | |a knihy účtovné |
| 610 | 2 | 0 | |a uzávierka účtovná |
| 610 | 2 | 0 | |a normy |
| 610 | 2 | 0 | |a oceňovanie |
| 100 | 1 | |a Soukupová, Božena | |